000 00525nam a22001817a 4500
999 _c191885
_d191885
005 20220906155326.0
010 _aENG-134940
020 _a9788189596136
_c325.00
035 _aEN-118471
037 _bDBAD/PUB
082 _a883.08
100 _aNahata, Premkumari
245 _aClassics in Nut Shell/
_cBy Premkumari Nahata
260 _aNew Delhi
_bS. Kumar & Company
_c2009
270 _a3613, N.S. Marg, Daryaganj
_bNew Delhi
_e110002
300 _a160p.
_c22cm(hb)
942 _2ddc
_cEN
_h883.08
_mNAH